The new form of payout policy the emergence and theoretical background of share repurchases /

The way companies return cash to their shareholders has changed considerably in recent decades. After changes in the legislation, share repurchases or buybacks have gained prominence, while dividends have somewhat lost their role as the main payout method. I intend to explore the reasons for this sh...

Teljes leírás

Elmentve itt :
Bibliográfiai részletek
Szerző: Szládek Dániel
Testületi szerző: Central European PhD Workshop on Technological Change and Development
Dokumentumtípus: Könyv része
Megjelent: Faculty of Economics and Business Administration Doctoral School in Economics Szeged 2020
Sorozat:Proceedings of the Central European PhD Workshop on Technological Change and Development 4
Kulcsszavak:Részvények, Pénzügy - vállalati
Tárgyszavak:
Online Access:http://acta.bibl.u-szeged.hu/77668
LEADER 01914naa a2200229 i 4500
001 acta77668
005 20221206115452.0
008 221206s2020 hu o 1|| eng d
020 |a 978-963-306-741-3 
040 |a SZTE Egyetemi Kiadványok Repozitórium  |b hun 
041 |a eng 
100 1 |a Szládek Dániel 
245 1 4 |a The new form of payout policy   |h [elektronikus dokumentum] :  |b the emergence and theoretical background of share repurchases /  |c  Szládek Dániel 
260 |a Faculty of Economics and Business Administration Doctoral School in Economics  |b Szeged  |c 2020 
300 |a 326-336 
490 0 |a Proceedings of the Central European PhD Workshop on Technological Change and Development  |v 4 
520 3 |a The way companies return cash to their shareholders has changed considerably in recent decades. After changes in the legislation, share repurchases or buybacks have gained prominence, while dividends have somewhat lost their role as the main payout method. I intend to explore the reasons for this shift in payout policy. In this paper, I focus on the theoretical background of share repurchases. Besides surveying the main theories related to share repurchases, I introduce the different ways companies can buy their shares back. Data indicating the emergence of share repurchases is also presented, while empirical studies testing the theories are discussed as well. The aim of this paper is to find out why share repurchases have become popular, and to reveal unanswered questions on the topic which point to future research possibilities. 
650 4 |a Társadalomtudományok 
650 4 |a Közgazdasági és gazdálkodástudományok 
695 |a Részvények, Pénzügy - vállalati 
711 |a Central European PhD Workshop on Technological Change and Development  |c Szeged  |d 2019. április 
856 4 0 |u http://acta.bibl.u-szeged.hu/77668/1/proceedings_of_cepwtcd_2020_326-336.pdf  |z Dokumentum-elérés